000 02574cam a22003734a 4500
001 muse95203
003 MdBmJHUP
005 20210127151839.0
006 m o d
007 cr||||||||nn|n
008 200925s2020 be o 00 0 eng d
020 _a9789461663504
020 _z9789462702479
020 _z9462702470
035 _a(OCoLC)1196818705
040 _aMdBmJHUP
_cMdBmJHUP
245 0 0 _aStrategic Imaginations
_bWomen and the Gender of Sovereignty in European Culture /
_cAnke Gilleir; Aude Defurne.
264 1 _bLeuven UP
264 3 _bProject MUSE,
300 _a1 online resource (334 p.)
506 0 _aOpen Access
_fUnrestricted online access
_2star
520 8 _aWhat is the gender of political power? Since the beginning of political thought, rule has been a male prerogative in European imagination. This is of course not to say that there never were women sovereigns. In-depth studies of women sovereigns have grown considerably in number in the past three decades and have added substantially to our understanding of the complexities of their rule of power.0Yet what is often obscured by such in-depth analyses is the fact that all women rulers throughout the entirety of European cultural history have had to operate in a context that could not think of power as female - except in grotesque terms. This continuity, as this book demonstrates, can only be brought out by studying women?s political rule comparatively and in the longue duree.0This collection of essays brings together studies of female sovereignty from the Polish-Lithuanian to the British Commonwealth, and from the Middle Ages to the dawn of modern democracy. It demonstrates how the strategies and imagination women rulers adopted against the backdrop of an all-pervasive scepticism toward female rule are comparable across regions and periods. To illustrate its point, this book not only addresses historical figures and queens, but also takes stock of the rich yet unsettling imagination of female rule in philosophy, literature and art history.
588 _aDescription based on print version record.
655 7 _aElectronic books.
_2local
700 1 _aDefurne, Aude.
700 1 _aGilleir, Anke.
710 2 _aProject Muse.
_edistributor
830 0 _aBook collections on Project MUSE.
856 4 0 _zFull text available:
_uhttps://muse.jhu.edu/book/80817/
999 _c27239
_d27239